00688nam a2200181 a 450000100100000000500170001000800410002704000250006808200150009310000270010824500820013525000170021726001430023430000200037749000200039771000690041783000200048600004004620250113110645.0130805s1982 xxu 000 0 spa d aDO-SdBNPbspacBNPHU axxxxbxxxx1 aAlba Andrade, Fernando10aAceleradores de particulas /cFernando Alba Andrade ; editora Eva V.Chesneau. a2a. ed. act. aMéxico :bSecretaría General de la Organización de los Estados AmericanosbPrograma Regional de Desarrollo y Técnológico,c1982. a66 p. ;c25 cm.1 aMonografíav71 a Organización de los Estados AmericanosbSecretaría General  0aMonografían7